000 00301nam a22001337a 4500
008 170630b xxu||||| |||| 00| 0 eng d
020 _a0231066597
041 _aeng
080 _a05
100 _a22
101 _aGJL
245 _aA DERRIDA READER BETWEN THE BLINDS
_cKAMUF,P
942 _2udc
_cBK
999 _c19698
_d19698